Statistics for Star Wars: The Clone Wars (Season 1) A-Z

Click here to take the quiz!

General Stats

  • This quiz has been taken 32 times
  • The average score is 11 of 25

Answer Stats

LetterHintAnswer% Correct
ADooku's Sith assassinAsajj Ventress
97%
HWeequay pirate captainHondo Ohnaka
90%
JThe Gungan GeneralJar Jar Binks
86%
YShort, green Jedi MasterYoda
76%
ENickname of one of the clone troopers guarding the Rishi Station moon baseEcho
72%
RNickname of Clone Captain of the 501st Legion CT-7567Rex
72%
BA deadly disease that Doctor Nuvo Vindi re-engineered into an airborne strainBlue Shadow Virus
69%
CBX-series battle droids designed for infiltration and action behind enemy linesCommando Droid
59%
NMon Calamari Jedi KnightNahdar Vebb
55%
FA sulfurous desert planet and was the location of a pirate gangFlorrum
48%
MA Subjugator-class heavy cruiser armed with two mega-ion cannonsMalevolence
48%
IA mysterious planet surrounded by a thousand moonsIego
45%
GThe name of General Grievous' pet roggwartGor
41%
ORodian politician who represented his homeworld of RodiaOnaconda Farr
41%
PChi Cho and Riyo Chuchi are members of this speciesPantoran
41%
SNickname of a Clone Sergeant who becomes a traitor to the Galactic RepublicSlick
41%
DNickname of a clone trooper who served as a soldier in the 501st Legion and was killed by Cad BaneDenal
34%
WThe nickname of clone trooper CC-3636Wolffe
31%
TThi-Sen is a member of this species native to the planet Orto PlutoniaTalz
24%
LNeimoidian arms developer who served as a general in the Separatist Droid ArmyLok Durd
21%
VA model of starfighter used by the Republic Navy{V}-{19} Torrent starfighter
10%
ZNickname of a Clone Captain in the Republic NavyZak
10%
XAn aerial mammavian species native to the planet surrounded by a thousand moonsXandu
7%
KA large aquatic predator that was native to the swamps of the planet RodiaKwazel Maw
3%
QA largely unremarkable terrestrial planet located in the distant reaches of the galaxyQuell
3%

Score Distribution

Percentile by Number Answered

Percent of People with Each Score

Your Score History

You have not taken this quiz